| 000 | 02482nam0a2200385 4500 | ||
|---|---|---|---|
| 001 | RU\NLR\BIBL_A\022602118 | ||
| 005 | 20260420052138.0 | ||
| 010 |
_a978-5-9961-3432-8 _9500 |
||
| 021 |
_aRU _bКН-П-25-036979 _9КН-П-25-3629 |
||
| 035 | _a(NLR Aleph) 022602118 | ||
| 090 |
_a13681811 _c13681811 |
||
| 100 | _a20250815d2025 u y0rusy50 ca | ||
| 101 | 0 | _arus | |
| 102 | _aRU | ||
| 105 | _aa j 000yy | ||
| 181 | 0 |
_ai3 _baxxe |
|
| 182 | 0 | _an | |
| 200 | 1 |
_aДиагностика и оценка состояния автомобильных дорог _eучебное пособие _eдля обучающихся основной профессиональной образовательной программы по направлению подготовки 08.03.01 "Строительство" профиль "Автомобильные дороги" всех форм обучения _fА. А. Тестешев, Д. А. Гензе, Е. Н. Легостаева, В. Д. Тимоховец _gМинистерство науки и высшего образования Российской Федерации, Федеральное государственное бюджетное образовательное учреждение высшего образования "Тюменский индустриальный университет" |
|
| 203 |
_aТекст _bвизуальный _cнепосредственный |
||
| 210 |
_aТюмень _cТИУ _d2025 |
||
| 215 |
_a170 с. _cил. _d21 |
||
| 300 | _aАвт. указаны на обороте тит. с. | ||
| 320 | _aБиблиогр.: с. 71-76 | ||
| 606 | 1 |
_aАвтомобильные дороги _jУчебные издания для высших учебных заведений _xТехническая диагностика _92215024 _3RU\NLR\AUTH\661330406 |
|
| 686 | 1 | _aО311-082.051я73-1 | |
| 701 | 1 |
_aТестешев _bА. А. _gАлександр Александрович |
|
| 701 | 1 |
_aГензе _bД. А. _gДмитрий Александрович |
|
| 701 | 1 |
_aЛегостаева _bЕ. Н. _gЕлена Николаевна |
|
| 701 | 1 |
_aТимоховец _bВ. Д. _gВера Дмитриевна |
|
| 712 | 0 | 2 |
_4475 _aТюменский индустриальный университет _9527917 _3RU\NLR\AUTH\880431779 |
| 942 | _cBOOK | ||
| 980 | _aNB | ||